[Event "Ekaterinburg UrFO-ch"]
[Site "Ekaterinburg"]
[Date "2008.03.19"]
[Round "5"]
[White "Sergeev, Veniamin"]
[Black "Akimov, Ivan"]
[Result "1/2-1/2"]
[WhiteElo "2393"]
[BlackElo "2401"]
[PlyCount "94"]
[EventDate "2008.03.15"]
[EventType "swiss"]
[EventRounds "9"]
[EventCountry "RUS"]
[SourceTitle "EXT 2009"]
[Source "ChessBase"]
[SourceDate "2008.11.26"]
[SourceVersion "1"]
[SourceVersionDate "2008.11.26"]
[SourceQuality "1"]

1. d4 d5 2. c4 c6 3. Nf3 Nf6 4. Nc3 a6 5. c5 Nbd7 6. Bf4 Nh5 7. Bd2 Nhf6 8. Bf4 Nh5 9. Bd2 Nhf6 10. b4 g6 11. g3 Bg7 12. Bg2 0-0 13. 0-0 Ne4 14. Nxe4 dxe4 15. Ng5 Bxd4 16. Rc1 Nf6 17. e3 Be5 18. Nxe4 Nxe4 19. Bxe4 Bh3 20. Re1 Qc8 21. Qc2 Rd8 22. Red1 Qe6 23. Be1 Bf6 24. a4 Bg4 25. f3 Bf5 26. Bxf5 gxf5 27. Bf2 Kg7 28. Kg2 Qe5 29. Rb1 e6 30. e4 fxe4 31. Qxe4 Rd5 32. Rxd5 exd5 33. Qg4+ Qg5 34. Qd7 Qd2 35. Qg4+ Kf8 36. Re1 d4 37. Qf5 Kg7 38. Re4 Qh6 39. Rg4+ Kf8 40. Rf4 Rd8 41. Qxf6 Qxf6 42. Rxf6 d3 43. Be3 d2 44. Bxd2 Rxd2+ 45. Kh3 Rd4 46. Rf4 Rxf4 47. gxf4 f5 1/2-1/2

[Event "Ekaterinburg UrFO-ch"]
[Site "Ekaterinburg"]
[Date "2008.03.17"]
[Round "3"]
[White "Chukhno, Igor"]
[Black "Akimov, Ivan"]
[Result "1/2-1/2"]
[WhiteElo "2261"]
[BlackElo "2401"]
[PlyCount "87"]
[EventDate "2008.03.15"]
[EventType "swiss"]
[EventRounds "9"]
[EventCountry "RUS"]
[SourceTitle "EXT 2009"]
[Source "ChessBase"]
[SourceDate "2008.11.26"]
[SourceVersion "1"]
[SourceVersionDate "2008.11.26"]
[SourceQuality "1"]

1. Nf3 d5 2. c4 c6 3. cxd5 cxd5 4. d4 Nf6 5. Nc3 Nc6 6. Bf4 a6 7. a3 e6 8. e3 Be7 9. Bd3 0-0 10. 0-0 b5 11. b4 Bb7 12. Nd2 Rc8 13. Rc1 a5 14. Nb3 axb4 15. axb4 Nxb4 16. Bxb5 Qb6 17. Qe2 Ba6 18. Bxa6 Nxa6 19. Qb5 Qxb5 20. Nxb5 Nb4 21. Ra1 Ne4 22. Ra7 Nd3 23. Bc7 Ra8 24. Rxa8 Rxa8 25. f3 Nf6 26. Ra1 Rxa1+ 27. Nxa1 Nb2 28. Bd6 Bd8 29. Kf2 Nc4 30. Bb4 h5 31. Nb3 g5 32. h3 Kg7 33. Nd2 Nxd2 34. Bxd2 Kg6 35. g4 Be7 36. Ke2 Nd7 37. e4 Nf6 38. e5 Nd7 39. Ba5 Nb8 40. Kd3 Nc6 41. Bd2 Bb4 42. Bxb4 Nxb4+ 43. Kc3 Nc6 44. Kd3 1/2-1/2

[Event "Ekaterinburg UrFO-ch"]
[Site "Ekaterinburg"]
[Date "2008.03.15"]
[Round "1"]
[White "Marievich, Alexandr"]
[Black "Akimov, Ivan"]
[Result "1/2-1/2"]
[WhiteElo "2152"]
[BlackElo "2401"]
[PlyCount "101"]
[EventDate "2008.03.15"]
[EventType "swiss"]
[EventRounds "9"]
[EventCountry "RUS"]
[SourceTitle "EXT 2009"]
[Source "ChessBase"]
[SourceDate "2008.11.26"]
[SourceVersion "1"]
[SourceVersionDate "2008.11.26"]
[SourceQuality "1"]

1. d4 d5 2. Nf3 Nf6 3. e3 Bg4 4. c4 c6 5. Nc3 e6 6. h3 Bxf3 7. Qxf3 Nbd7 8. Bd2 Bd6 9. Bd3 Qe7 10. 0-0-0 dxc4 11. Bxc4 Nb6 12. Bd3 0-0-0 13. Ne4 Nxe4 14. Qxe4 Kb8 15. Ba5 Rc8 16. Bxb6 axb6 17. f4 f5 18. Qf3 c5 19. dxc5 Rxc5+ 20. Kb1 Rhc8 21. Rc1 g6 22. g4 Qc7 23. Qd1 Bf8 24. Re1 Bg7 25. Rxc5 Qxc5 26. Qb3 Rc7 27. a3 Rd7 28. Qc2 Qe7 29. Rc1 Qf6 30. Bb5 Rd5 31. Be2 h6 32. Rd1 Rxd1+ 33. Bxd1 e5 34. gxf5 gxf5 35. Be2 e4 36. Bc4 Bf8 37. Qd2 Bc5 38. b4 Bf8 39. Qb2 Qc6 40. Bb3 Bd6 41. Qc2 Qe8 42. Qc4 Qh5 43. Qe6 Bc7 44. Qg8+ Ka7 45. Qf7 Qxh3 46. Qxc7 Qxe3 47. Qf7 Qxf4 48. Bd5 Qf1+ 49. Kb2 Qe2+ 50. Kb3 Qd1+ 51. Kb2 1/2-1/2

[Event "Chigorin Memorial 13th"]
[Site "St Petersburg"]
[Date "2005.10.20"]
[Round "6"]
[White "Solovjova, Valentina"]
[Black "Akimov, Ivan"]
[Result "0-1"]
[WhiteElo "2268"]
[BlackElo "2434"]
[PlyCount "152"]
[EventDate "2005.10.15"]
[EventType "swiss"]
[EventRounds "9"]
[EventCountry "RUS"]
[SourceTitle "CBM 108 Extra"]
[Source "ChessBase"]
[SourceDate "2005.11.04"]
[SourceVersion "1"]
[SourceVersionDate "2005.11.04"]
[SourceQuality "1"]

1. e4 e5 2. Nf3 Nf6 3. Nxe5 d6 4. Nf3 Nxe4 5. d4 d5 6. Bd3 Nc6 7. 0-0 Be7 8. c4 Nb4 9. Be2 0-0 10. Nc3 Bf5 11. a3 Nxc3 12. bxc3 Nc6 13. Re1 Re8 14. cxd5 Qxd5 15. Bf4 Rac8 16. Bd3 Qa5 17. Rb1 Bxd3 18. Qxd3 Bf6 19. d5 Rxe1+ 20. Rxe1 Ne7 21. c4 b6 22. Bd2 Qa4 23. Bg5 Ng6 24. h4 Bxg5 25. Nxg5 Re8 26. Rc1 Nf8 27. Qf3 Qd7 28. c5 bxc5 29. Ne4 Qe7 30. Nxc5 Qxh4 31. Nd3 Qe7 32. Qf4 Qd7 33. Qxc7 Qxd5 34. Qc6 Qd8 35. Nf4 Qd2 36. g3 Rd8 37. Kg2 g6 38. Rc2 Qd6 39. Qc7 Kg7 40. Qc3+ Qd4 41. Qc6 Rd6 42. Qc7 Ne6 43. Nxe6+ Rxe6 44. Qc3 Qxc3 45. Rxc3 Ra6 46. Re3 Ra4 47. Rd3 h5 48. Kh3 Kf6 49. Re3 Rc4 50. Kg2 h4 51. gxh4 Rxh4 52. Kg3 Ra4 53. Kg2 Kg5 54. Rc3 Rg4+ 55. Kf3 f5 56. Rd3 Kh5 57. Rc3 Ra4 58. Kg3 Rg4+ 59. Kh3 Rd4 60. Kg3 g5 61. Kg2 Kg4 62. Rc7 Ra4 63. Rc3 f4 64. Rb3 Kh5 65. Rc3 g4 66. Kh2 Rd4 67. Rc8 Rd2 68. Kg1 Ra2 69. Rc5+ Kh4 70. Ra5 g3 71. fxg3+ Kxg3 72. Rg5+ Kf3 73. Ra5 Ra1+ 74. Kh2 Kf2 75. Rxa7 f3 76. Rb7 Kf1 0-1

[Event "RUS-ch U26"]
[Site "Ufa"]
[Date "2004.05.10"]
[Round "6"]
[White "Akimov, Ivan"]
[Black "Kokarev, Dmitry"]
[Result "1/2-1/2"]
[WhiteElo "2304"]
[BlackElo "2491"]
[PlyCount "42"]
[EventDate "2004.05.??"]
[EventType "swiss"]
[EventRounds "9"]
[EventCountry "RUS"]
[SourceTitle "EXT 2005"]
[Source "ChessBase"]
[SourceDate "2004.11.15"]
[SourceVersion "1"]
[SourceVersionDate "2004.11.15"]
[SourceQuality "1"]

1. d4 Nf6 2. c4 g6 3. Nc3 Bg7 4. e4 0-0 5. Nf3 d6 6. Be2 e5 7. 0-0 c6 8. Re1 exd4 9. Nxd4 Re8 10. Bf1 Qb6 11. Nc2 Ng4 12. Ne3 Nxe3 13. Rxe3 Nd7 14. Na4 Qc7 15. Re1 a6 16. Bf4 Ne5 17. Rc1 Be6 18. Qd2 Rab8 19. Nc3 Qe7 20. b3 b5 21. cxb5 axb5 1/2-1/2

[Event "St Petersburg White Nights op"]
[Site "St Petersburg"]
[Date "2004.??.??"]
[Round "3"]
[White "Kurenkov, Nikolai"]
[Black "Akimov, Ivan"]
[Result "1-0"]
[WhiteElo "2401"]
[BlackElo "2355"]
[PlyCount "95"]
[EventDate "2004.06.??"]
[EventType "swiss"]
[EventRounds "9"]
[EventCountry "RUS"]
[SourceTitle "CBM 100 Extra"]
[Source "ChessBase"]
[SourceDate "2004.07.06"]
[SourceVersion "2"]
[SourceVersionDate "2004.07.06"]
[SourceQuality "1"]

1. e4 e5 2. d4 exd4 3. Qxd4 Nc6 4. Qe3 Nf6 5. Nc3 Bb4 6. Bd2 0-0 7. 0-0-0 Re8 8. Qg3 d6 9. f4 Rxe4 10. a3 Ba5 11. Bd3 Re8 12. Nf3 Ne7 13. Rhe1 h6 14. Rxe7 Qxe7 15. f5 Kh8 16. Qh3 Bxc3 17. Bxc3 Bd7 18. g4 Kg8 19. g5 hxg5 20. Re1 Qf8 21. Rg1 g4 22. Qh4 Re5 23. Bxe5 dxe5 24. Nxe5 Qc5 25. Qg3 Re8 26. Nxd7 Nxd7 27. Qxg4 Qe3+ 28. Kb1 Qh6 29. Qd4 Nf6 30. Qxa7 Qxh2 31. Rf1 b6 32. Qa4 Qg3 33. Ka2 Qe5 34. Qh4 Qd5+ 35. b3 Ra8 36. Rh1 Kf8 37. Qh8+ Ng8 38. Qh2 Qc5 39. a4 b5 40. f6 Nxf6 41. Qg2 Ra7 42. Rh8+ Ke7 43. Qe2+ Kd6 44. Bxb5 c6 45. Qh2+ Ke7 46. Rc8 Nd5 47. Qe5+ Kd7 48. Qe8+ 1-0

[Event "St Petersburg White Nights op"]
[Site "St Petersburg"]
[Date "2004.??.??"]
[Round "1"]
[White "Shister, Elena"]
[Black "Akimov, Ivan"]
[Result "0-1"]
[WhiteElo "2035"]
[BlackElo "2355"]
[PlyCount "104"]
[EventDate "2004.06.??"]
[EventType "swiss"]
[EventRounds "9"]
[EventCountry "RUS"]
[SourceTitle "CBM 100 Extra"]
[Source "ChessBase"]
[SourceDate "2004.07.06"]
[SourceVersion "2"]
[SourceVersionDate "2004.07.06"]
[SourceQuality "1"]

1. d4 d5 2. c4 c6 3. Nc3 Nf6 4. Nf3 a6 5. cxd5 cxd5 6. Qc2 Nc6 7. a3 g6 8. e3 Bf5 9. Bd3 Bxd3 10. Qxd3 Bg7 11. Bd2 0-0 12. 0-0 Rc8 13. Rac1 e6 14. Rfd1 Na5 15. Ne5 Nd7 16. f4 Nc4 17. Nxc4 dxc4 18. Qe2 b5 19. Ne4 f5 20. Ng5 Re8 21. Qe1 Nf6 22. Bb4 Qd5 23. Rd2 h6 24. Nf3 Ne4 25. Rdc2 g5 26. fxg5 hxg5 27. Nd2 Rc6 28. Nxe4 Qxe4 29. Qg3 Bf6 30. Bc3 Kf7 31. Qf3 Qxf3 32. gxf3 Rg8 33. a4 Rb8 34. Bb4 f4 35. Bd2 fxe3 36. Bxe3 Rd6 37. Rd2 Rbd8 38. Kg2 Kg6 39. Rcd1 Kf5 40. Kf2 Rd5 41. Ke2 Rh8 42. Kf1 Rh3 43. Kg2 Rh4 44. Bf2 Rh7 45. Be3 Rhd7 46. Kf2 Be7 47. axb5 axb5 48. Ke2 Bb4 49. Rc2 e5 50. Rg1 exd4 51. Rxg5+ Kf6 52. Rxd5 Rxd5 0-1

[Event "RUS-Cup 300 years"]
[Site "St Petersburg"]
[Date "2003.10.26"]
[Round "9"]
[White "Kosintseva, Tatiana"]
[Black "Akimov, Ivan"]
[Result "1-0"]
[WhiteElo "2449"]
[BlackElo "2365"]
[PlyCount "67"]
[EventDate "2003.10.18"]
[EventType "swiss"]
[EventRounds "9"]
[EventCountry "RUS"]
[SourceTitle "EXT 2004"]
[Source "ChessBase"]
[SourceDate "2003.11.25"]
[SourceVersion "1"]
[SourceVersionDate "2003.11.25"]
[SourceQuality "1"]

1. e4 e5 2. Nf3 Nf6 3. Nxe5 d6 4. Nc4 Nxe4 5. Qe2 Qe7 6. Ne3 c6 7. c4 g6 8. d3 Nc5 9. Bd2 Bg7 10. Bc3 Bxc3+ 11. Nxc3 Nbd7 12. 0-0-0 Nf6 13. d4 Na6 14. Qf3 Nc7 15. Bd3 0-0 16. h4 d5 17. cxd5 Ncxd5 18. Ncxd5 cxd5 19. Kb1 Be6 20. h5 Rad8 21. g4 Rd6 22. g5 Ne4 23. Bxe4 dxe4 24. Qf4 Rb6 25. Rd2 Qb4 26. Rhd1 Rc8 27. d5 Bd7 28. h6 Re8 29. d6 Qb5 30. Nd5 Bf5 31. Qe3 Rxd6 32. Ne7+ Rxe7 33. Rxd6 Be6 34. Qd4 1-0

[Event "RUS-Cup 300 years"]
[Site "St Petersburg"]
[Date "2003.10.21"]
[Round "4"]
[White "Akimov, Ivan"]
[Black "Sapunov, Evgeny"]
[Result "0-1"]
[WhiteElo "2365"]
[BlackElo "2476"]
[PlyCount "120"]
[EventDate "2003.10.18"]
[EventType "swiss"]
[EventRounds "9"]
[EventCountry "RUS"]
[SourceTitle "EXT 2004"]
[Source "ChessBase"]
[SourceDate "2003.11.25"]
[SourceVersion "1"]
[SourceVersionDate "2003.11.25"]
[SourceQuality "1"]

1. d4 d5 2. c4 c6 3. Nf3 Nf6 4. e3 Bf5 5. Nc3 e6 6. Nh4 Be4 7. f3 Bg6 8. Qb3 Qc7 9. Bd2 Bd6 10. g3 Nbd7 11. Rc1 a6 12. cxd5 exd5 13. Bg2 Qb6 14. Nxg6 hxg6 15. 0-0 Qa7 16. Be1 0-0 17. Bf2 Rad8 18. Bh3 b5 19. e4 b4 20. Na4 dxe4 21. Rxc6 Nb8 22. Rc2 Rfe8 23. fxe4 Nxe4 24. Be3 Qe7 25. Bc1 Nd7 26. Bxd7 Qxd7 27. Nc5 Nxc5 28. dxc5 Bxc5+ 29. Rxc5 Qd4+ 30. Be3 Qxe3+ 31. Qxe3 Rxe3 32. Rf2 Re6 33. Ra5 Rd3 34. Kg2 f6 35. Rc5 g5 36. Rc7 Rd4 37. Rc5 Kh7 38. Rc7 Kh6 39. Rc5 g6 40. Ra5 g4 41. Ra4 f5 42. Ra5 Rd1 43. h3 gxh3+ 44. Kxh3 Rd3 45. Kh2 Kg5 46. Ra4 b3 47. axb3 Rxb3 48. Kh3 Reb6 49. Ra5 Rd3 50. Kh2 Kh5 51. Rg2 Kg4 52. Ra4+ Kf3 53. Rf4+ Ke3 54. Rgf2 Rd2 55. R4f3+ Ke4 56. Rf4+ Kd3 57. R4f3+ Kc2 58. Rc3+ Kxb2 59. Rxd2+ Kxc3 60. Ra2 Rb2+ 0-1

[Event "Chigorin Memorial-B 10th"]
[Site "St Petersburg"]
[Date "2002.10.31"]
[Round "6"]
[White "Chepukaitis, Genrikh"]
[Black "Akimov, Ivan"]
[Result "1-0"]
[WhiteElo "2396"]
[BlackElo "2287"]
[PlyCount "81"]
[EventDate "2002.10.25"]
[EventType "swiss"]
[EventRounds "9"]
[EventCountry "RUS"]
[SourceTitle "EXT 2003"]
[Source "ChessBase"]
[SourceDate "2002.11.25"]
[SourceVersion "1"]
[SourceVersionDate "2002.11.25"]
[SourceQuality "1"]

1. d4 d5 2. Bg5 f6 3. Bf4 c5 4. e3 Nc6 5. c4 cxd4 6. cxd5 Qxd5 7. Nc3 Qd8 8. exd4 Qxd4 9. Qf3 e5 10. Bb5 Nge7 11. Nge2 Qd7 12. 0-0 Qg4 13. Qe3 exf4 14. Nxf4 Bd7 15. Be2 Qf5 16. Nb5 Qe5 17. Qd2 Ng6 18. Nd5 0-0-0 19. f4 Qb8 20. Rac1 Be6 21. Qe3 Bc5 22. Rxc5 Rhe8 23. Rfc1 Rxd5 24. Rxd5 Qxf4 25. Nxa7+ Kc7 26. Qxf4+ Nxf4 27. Rd2 Bd5 28. Bf1 Kb6 29. Nxc6 bxc6 30. a3 Re5 31. g3 Rg5 32. Rd4 Ne6 33. Rb4+ Kc7 34. Bg2 Kd6 35. Bxd5 cxd5 36. Rb6+ Kd7 37. b4 d4 38. a4 d3 39. a5 d2 40. Rd1 Nd4 41. Rxd2 1-0

[Event "Chigorin Memorial-B 10th"]
[Site "St Petersburg"]
[Date "2002.10.25"]
[Round "1"]
[White "Akimov, Ivan"]
[Black "Yakovlev, Yuri S"]
[Result "1-0"]
[WhiteElo "2287"]
[BlackElo "2052"]
[PlyCount "75"]
[EventDate "2002.10.25"]
[EventType "swiss"]
[EventRounds "9"]
[EventCountry "RUS"]
[SourceTitle "EXT 2003"]
[Source "ChessBase"]
[SourceDate "2002.11.25"]
[SourceVersion "1"]
[SourceVersionDate "2002.11.25"]
[SourceQuality "1"]

1. d4 f5 2. g3 Nf6 3. Bg2 e6 4. c4 Be7 5. Nf3 d6 6. 0-0 0-0 7. b3 Qe8 8. Bb2 Qh5 9. Nbd2 Nbd7 10. e3 g5 11. Ne1 Qh6 12. Nd3 c6 13. Qe2 e5 14. f3 Re8 15. Rae1 exd4 16. exd4 Nf8 17. Qf2 Bd7 18. Re2 Ng6 19. Rfe1 Bf8 20. d5 Bg7 21. dxc6 Bxc6 22. Bd4 Rxe2 23. Rxe2 Ne8 24. b4 a6 25. Nb3 Bxd4 26. Nxd4 Bd7 27. f4 gxf4 28. Bxb7 fxg3 29. hxg3 Rb8 30. Bc6 Nf6 31. b5 axb5 32. cxb5 Rf8 33. Qe3 Qxe3+ 34. Rxe3 Bxc6 35. bxc6 Ng4 36. Re6 Ra8 37. c7 Rc8 38. Nb5 1-0

[Event "Petrov Memorial op"]
[Site "St Petersburg"]
[Date "2002.02.19"]
[Round "8"]
[White "Akimov, Ivan"]
[Black "Timchenko, Aleksandr"]
[Result "1-0"]
[WhiteElo "2244"]
[BlackElo "2110"]
[PlyCount "127"]
[EventDate "2002.02.12"]
[EventType "swiss"]
[EventRounds "9"]
[EventCountry "RUS"]
[SourceTitle "CBM 086 Extra"]
[Source "ChessBase"]
[SourceDate "2002.03.14"]
[SourceVersion "1"]
[SourceVersionDate "2002.03.14"]
[SourceQuality "1"]

1. d4 d5 2. Nf3 c6 3. c4 Nf6 4. Nc3 g6 5. Bg5 Bg7 6. e3 0-0 7. Bd3 Be6 8. cxd5 Nxd5 9. 0-0 h6 10. Bh4 Nd7 11. Rc1 Qe8 12. e4 Nf4 13. Bb1 Bc4 14. Re1 e5 15. Bg3 Nh5 16. b3 Ba6 17. d5 Nxg3 18. hxg3 Rd8 19. b4 Nb6 20. a4 Nc8 21. Ba2 b5 22. Qc2 cxd5 23. Nxd5 Bb7 24. Nc7 Qe7 25. Bd5 Nd6 26. Bxb7 Nxb7 27. Nd5 Qd7 28. axb5 Nd6 29. b6 axb6 30. Nxb6 Qb5 31. Nd5 Rfe8 32. Nc7 Qxb4 33. Nxe8 Rxe8 34. Qc5 Qxc5 35. Rxc5 Re6 36. Rc6 Bf8 37. Ra1 Re8 38. Nd2 Nb5 39. Nc4 Nd4 40. Rca6 Kg7 41. Ra8 Re6 42. R1a6 Re7 43. R8a7 Re8 44. Nd6 Bxd6 45. Rxd6 Ne6 46. Rdd7 Rf8 47. Kf1 g5 48. Ke2 Kg6 49. Kf1 g4 50. Rd5 f6 51. Rdd7 Rc8 52. f3 h5 53. Re7 Rc6 54. Kf2 Rc2+ 55. Ke3 Rc3+ 56. Kd2 Rc6 57. Kd3 Kh6 58. Re8 Kg6 59. Rae7 Rd6+ 60. Ke3 Nc5 61. Rg8+ Kh6 62. f4 Rd3+ 63. Ke2 Rxg3 64. f5 1-0

[Event "Petrov Memorial op"]
[Site "St Petersburg"]
[Date "2002.02.16"]
[Round "5"]
[White "Akimov, Ivan"]
[Black "Marinin, Mikhail"]
[Result "0-1"]
[WhiteElo "2244"]
[BlackElo "2102"]
[PlyCount "66"]
[EventDate "2002.02.12"]
[EventType "swiss"]
[EventRounds "9"]
[EventCountry "RUS"]
[SourceTitle "CBM 086 Extra"]
[Source "ChessBase"]
[SourceDate "2002.03.14"]
[SourceVersion "1"]
[SourceVersionDate "2002.03.14"]
[SourceQuality "1"]

1. d4 Nf6 2. Nf3 g6 3. c4 Bg7 4. Nc3 d5 5. Bg5 Ne4 6. Bh4 Nxc3 7. bxc3 c5 8. cxd5 Qxd5 9. e3 cxd4 10. cxd4 Nc6 11. Be2 0-0 12. 0-0 Bf5 13. Nd2 e5 14. Bc4 Qd7 15. d5 Na5 16. f3 e4 17. g4 Nxc4 18. Nxc4 Bxa1 19. gxf5 Bg7 20. f6 Bh6 21. Ne5 Bxe3+ 22. Kh1 Qh3 23. Ng4 Qxh4 24. Nxe3 Rad8 25. Qd4 Rfe8 26. f4 Rd6 27. Qa4 Red8 28. Qxe4 Qxf6 29. f5 Qg5 30. Rg1 Qh5 31. Ng4 Kf8 32. Re1 Qxf5 33. Qd4 Qxd5+ 0-1

[Event "Chigorin Memorial 09th"]
[Site "St Petersburg"]
[Date "2001.10.27"]
[Round "2"]
[White "Grebionkin, Vladimir"]
[Black "Akimov, Ivan"]
[Result "1/2-1/2"]
[WhiteElo "2475"]
[BlackElo "2279"]
[PlyCount "84"]
[EventDate "2001.10.26"]
[EventType "swiss"]
[EventRounds "9"]
[EventCountry "RUS"]
[SourceTitle "EXT 2002"]
[Source "ChessBase"]
[SourceDate "2001.11.25"]
[SourceVersion "1"]
[SourceVersionDate "2001.11.25"]
[SourceQuality "1"]

1. Nf3 Nf6 2. c4 e6 3. Nc3 Bb4 4. Qc2 0-0 5. a3 Bxc3 6. Qxc3 b6 7. b4 Bb7 8. Bb2 d6 9. e3 Nbd7 10. Be2 Qe7 11. 0-0 Rfe8 12. d4 Ne4 13. Qc2 f5 14. Rad1 Rf8 15. Ne1 Qg5 16. Bc1 Qe7 17. f3 Nef6 18. Nd3 Nh5 19. Nf4 Ndf6 20. Bb2 Nxf4 21. exf4 Nh5 22. g3 Rae8 23. Rf2 Rf6 24. Bf1 Rg6 25. Bg2 Qf7 26. Re1 Nf6 27. Rfe2 h5 28. Qa4 h4 29. d5 hxg3 30. hxg3 Nh5 31. dxe6 Rexe6 32. Qxa7 Rxe2 33. Rxe2 Nxg3 34. Qb8+ Kh7 35. Re8 Ne2+ 36. Rxe2 Bxf3 37. Rf2 Bxg2 38. Rxg2 Rxg2+ 39. Kxg2 Qxc4 40. Qe8 Qc2+ 41. Kg3 Qxb2 42. Qh5+ Kg8 1/2-1/2

[Event "RUS-Cup07"]
[Site "Togliatti"]
[Date "2001.08.12"]
[Round "5"]
[White "Zakharevich, Igor"]
[Black "Akimov, Ivan"]
[Result "1-0"]
[WhiteElo "2477"]
[BlackElo "2300"]
[PlyCount "49"]
[EventDate "2001.08.08"]
[EventType "swiss"]
[EventRounds "9"]
[EventCountry "RUS"]
[SourceTitle "CBM 083 Extra"]
[Source "ChessBase"]
[SourceDate "2001.09.11"]
[SourceVersion "1"]
[SourceVersionDate "2001.09.11"]
[SourceQuality "1"]

1. d4 d5 2. Nf3 Nf6 3. c4 c6 4. Nc3 a6 5. c5 Nbd7 6. Bf4 Nh5 7. e3 g6 8. Bd3 Bg7 9. 0-0 f6 10. h3 e5 11. Bh2 e4 12. g4 exd3 13. gxh5 0-0 14. hxg6 hxg6 15. Qxd3 Re8 16. Qxg6 Nf8 17. Qh5 Be6 18. Kh1 Qd7 19. Rg1 Qf7 20. Rxg7+ Kxg7 21. Rg1+ Qg6 22. Bf4 Qxg1+ 23. Kxg1 Nh7 24. Nh4 Rg8 25. Kh2 1-0

[Event "RUS-Cup07"]
[Site "Togliatti"]
[Date "2001.08.10"]
[Round "3"]
[White "Alekseev, Evgeny V"]
[Black "Akimov, Ivan"]
[Result "1-0"]
[WhiteElo "2544"]
[BlackElo "2300"]
[PlyCount "73"]
[EventDate "2001.08.08"]
[EventType "swiss"]
[EventRounds "9"]
[EventCountry "RUS"]
[SourceTitle "CBM 083 Extra"]
[Source "ChessBase"]
[SourceDate "2001.09.11"]
[SourceVersion "1"]
[SourceVersionDate "2001.09.11"]
[SourceQuality "1"]

1. e4 c5 2. Nf3 Nc6 3. d4 cxd4 4. Nxd4 Qb6 5. Nb3 Nf6 6. Nc3 e6 7. Bd3 Be7 8. 0-0 d6 9. Be3 Qc7 10. Nb5 Qd8 11. c4 0-0 12. f4 b6 13. Rc1 Bb7 14. Bb1 a6 15. Nc3 Rc8 16. Qe2 Re8 17. Rf3 Bf8 18. Rh3 g6 19. Kh1 Bg7 20. Bg1 Nd7 21. Rd1 Qc7 22. Rhd3 Bf8 23. Rh3 Nc5 24. Qg4 Qe7 25. Bf2 Bg7 26. Bh4 Qf8 27. Bg5 f6 28. Qh4 h5 29. e5 fxg5 30. Qxg5 Nxe5 31. fxe5 Bxe5 32. Nxc5 Rxc5 33. Qxg6+ Bg7 34. Qh7+ Kf7 35. Rf1+ Ke7 36. Rxf8 Kxf8 37. Be4 1-0

[Event "RUS-Cup07"]
[Site "Togliatti"]
[Date "2001.08.09"]
[Round "2"]
[White "Alekseev, Alexandr"]
[Black "Akimov, Ivan"]
[Result "0-1"]
[WhiteElo "2274"]
[BlackElo "2300"]
[PlyCount "44"]
[EventDate "2001.08.08"]
[EventType "swiss"]
[EventRounds "9"]
[EventCountry "RUS"]
[SourceTitle "CBM 083 Extra"]
[Source "ChessBase"]
[SourceDate "2001.09.11"]
[SourceVersion "1"]
[SourceVersionDate "2001.09.11"]
[SourceQuality "1"]

1. d4 Nf6 2. Nc3 d5 3. Bg5 Nbd7 4. f3 c5 5. e4 cxd4 6. Qxd4 e5 7. Qa4 d4 8. Nd5 Be7 9. Bxf6 Bxf6 10. Ne2 0-0 11. Nc1 Nb6 12. Nxb6 Qxb6 13. Nd3 Be6 14. Be2 Rac8 15. 0-0 Rc7 16. g3 Rfc8 17. Rac1 a5 18. a3 Bh3 19. f4 exf4 20. gxf4 Bh4 21. f5 Bxf1 22. Kxf1 Bg5 0-1